La Cumbre de la discordia
Guardat en:
| Format: | Text |
|---|---|
| Matèries: | |
| Etiquetes: |
Afegir etiqueta
Sense etiquetes, Sigues el primer a etiquetar aquest registre!
|
MARC
| LEADER | 00000 a a2200000 04500 | ||
|---|---|---|---|
| 001 | 6728 | ||
| 003 | |||
| 040 | |||
| 245 | |a La Cumbre de la discordia | ||
| 650 | |a REUNION | ||
| 650 | |a ALCA | ||
| 650 | |a AMERICA LATINA | ||
| 650 | |a AMERICA DEL NORTE | ||
| 773 | |g volumen 26, número 1169; páginas 6-7 | ||
| 999 | |c 20087 |d 20087 | ||
